| 000 | 00804nam a22001697a 4500 | ||
|---|---|---|---|
| 008 | 111124s1964 ua|||||r|||| 000 0 ara d | ||
| 082 |
_222 _a327.116 _bك ل و |
||
| 245 |
_aالنظام الدولي والسلام العالمي / _cتأليف إينيس ل. كلود ؛ ترجمة وتصدير وتعقيب عبد الله العريان |
||
| 260 |
_aالقاهرة : _bدار النهضة العربية، 1964 _c1964 |
||
| 300 |
_a718 ص ؛ _c22 سم |
||
| 500 | _aيشتمل على كشاف | ||
| 650 |
_927863 _aالأمم المتحدة |
||
| 650 |
_927864 _aالسلام الدولي |
||
| 650 |
_927865 _aنزع السلاح |
||
| 942 |
_2ddc _cBB |
||
| 999 |
_c16256 _d16256 |
||